Missing Word: Build a 3-Named Celebrity III Quiz Stats

 Plays Quiz Updated May 12, 2019

Score 0/18 Timer 02:00
1 Play Today
Hint Answer % Correct
Celebrity #1Lee
95.2%
Celebrity #2Thomas
94%
Celebrity #6Nicole
92.6%
Celebrity #4Joan
89.1%
Celebrity #1Jones
89%
Celebrity #6Smith
83.2%
Celebrity #6Anna
83%
Celebrity #2Scott
82.7%
Celebrity #4Melissa
81.4%
Hint Answer % Correct
Celebrity #1Tommy
81.3%
Celebrity #5Lou
79.9%
Celebrity #4Hart
79%
Celebrity #3Bell
75.2%
Celebrity #2Kristin
71.7%
Celebrity #3Alexander
67%
Celebrity #3Graham
66.1%
Celebrity #5Diamond
64%
Celebrity #5Phillips
64%

Today's Daily Dose

Missing Word
Banned Books (A-Z)

Word Ladder
Janis Joplin

Get the Picture
Occupations

You're not logged in!

Compare scores with friends on all Sporcle quizzes.
OR
Log In

Sporcle TV

Today on Sporcle TV


Watch our educational content, quiz creation guides, and fun videos on Sporcle TV.

Show Comments

Extras

Top Quizzes Today


Score Distribution

Your Account Isn't Verified!

In order to create a playlist on Sporcle, you need to verify the email address you used during registration. Go to your Sporcle Settings to finish the process.

Report this User

Report this user for behavior that violates our Community Guidelines.

Details: